Communauté d'agglomération Lens-Liévin - Statistiques

Statistiques générales
  • Ce quiz a été pris 86 fois
  • Le résultat moyen est 14 sur 36
Réponses sur la Carte
Les réponses sont colorées sur une échelle allant du rouge au vert en fonction du pourcentage des utilisateurs qui les ont devinées à leur premier essai. Vous pouvez retrouver ces pourcentages ci-dessous.
 
Statistiques - réponses
Commune % Correct
Lens
98%
Liévin
98%
Avion
84%
Bully les Mines
64%
Sallaumines
56%
Méricourt
54%
Vimy
54%
Loos en Gohelle
52%
Harnes
50%
Noyelles sous Lens
50%
Wingles
48%
Billy Montigny
44%
Angres
42%
Grenay
40%
Vendin le Vieil
40%
Loison sous Lens
38%
Mazingarbe
38%
Souchez
38%
Givenchy en Gohelle
36%
Sains en Gohelle
36%
Eleu dit Leauwette
34%
Aix Noulette
32%
Hulluch
30%
Pont a Vendin
30%
Annay
28%
Fouquières lès Lens
28%
Ablain St Nazaire
24%
Acheville
24%
Carency
22%
Meurchin
22%
Bénifontaine
20%
Bouvigny Boyeffles
20%
Estevelles
18%
Gouy Servins
18%
Servins
18%
Villers au Bois
18%
Aucun quiz correspondant
Distribution des résultats
% des personnes avec chaque résultat
Percentile par nombre de réponses
Votre historique - résultats
Vous n’avez pas pris ce quiz